| 000 | 01907cam a22003375a 4500 | ||
|---|---|---|---|
| 001 | 12239293 | ||
| 005 | 20161030101926.0 | ||
| 006 | m o d | ||
| 007 | cr unu | ||
| 008 | 140822s2014 enka frb 001 0 eng d | ||
| 020 | _a 012416739X | ||
| 020 | _z9780124167391 | ||
| 035 | _a(OCoLC)ocn888415306 | ||
| 035 | _a12239293 | ||
| 040 |
_aUMI _beng _cUMI _dEG-ScBUE |
||
| 049 | _aUMIA | ||
| 082 | 0 | 4 |
_222 _a620.00151535 _bKAT |
| 100 | 1 |
_aKatsikadelis, John T. _941634 |
|
| 245 | 1 | 4 |
_aThe boundary element method for plate analysis / _cJohn T. Katsikadelis. |
| 260 |
_aOxford, UK ; _aWaltham, Massachusetts : _bAcademic Press / Elsevier, _cc.2014. |
||
| 300 |
_axiv, 330 p. : _bill. ; _c24 cm. |
||
| 500 | _aIndex : p. 325-330. | ||
| 504 | _aIncludes bibliographical references. | ||
| 520 | _aAiming to fill in the knowledge gaps left by contributed volumes on this topic and increase the accessibility of the extensive journal literature covering BEM applied to plates, author John T. Katsikadelis draws heavily on his pioneering work in the field to provide a complete introduction to theory and application. Beginning with a chapter of preliminary mathematical background to make the book a self-contained resource, he moves on to cover the application of BEM to basic thin plate problems and more advanced problems. Each chapter contains several examples described in detail and closes with problems to solve. Presenting the BEM as an efficient computational method for practical plate analysis and design, this book is a valuable reference for researchers, students and engineers working with BEM and plate challenges within mechanical, civil, aerospace and marine engineering. | ||
| 590 | _aWessam | ||
| 650 | 7 |
_aBoundary element methods. _2BUEsh _941635 |
|
| 651 | _2BUEsh | ||
| 653 |
_bENGMEC _cOctober2016 |
||
| 653 |
_bENGGEN _cOctober2016 |
||
| 942 |
_2ddc _e22 _k620.00151535 KAT |
||
| 999 |
_c22897 _d22869 |
||